[Event "GRE-ch U10"]
[Site "Peristeri"]
[Date "2023.07.08"]
[Round "8"]
[White "Doukas, Nikolaos"]
[Black "Nteneketzis, Paraskevas1111"]
[Result "1-0"]
[WhiteElo "1131"]
[BlackElo "1041"]
[PlyCount "115"]
[EventDate "2023.07.03"]
[EventType "swiss"]
[EventRounds "9"]
[EventCountry "GRE"]
[SourceTitle "EXT 2024"]
[Source "ChessBase"]
[SourceDate "2023.10.10"]
[SourceVersion "1"]
[SourceVersionDate "2023.10.10"]
[SourceQuality "1"]

1. e4 c5 2. Nf3 e6 3. d4 cxd4 4. Nxd4 Nf6 5. Nc3 Nc6 6. a3 Be7 7. Be3 0-0 8. f4 d6 9. Qf3 Bd7 10. h3 Rc8 11. 0-0-0 a6 12. g4 b5 13. g5 Ne8 14. Kb1 b4 15. Nxc6 Rxc6 16. axb4 Qb8 17. b5 axb5 18. Bxb5 Rxc3 19. Bxd7 Nc7 20. Ba4 d5 21. Bb3 dxe4 22. Qxe4 Nb5 23. Rd3 Rfc8 24. Rhd1 R8c4 25. Bxc4 Na3+ 26. Ka2 Nxc4 27. Rd8+ Bxd8 28. Qb7 Qc7 29. Qxc7 Bxc7 30. bxc3 Nxe3 31. Rd7 Nd5 32. c4 Nc3+ 33. Kb3 Ba5 34. Ra7 Kf8 35. Rxa5 Ne2 36. c5 Ke7 37. Ra7+ Ke8 38. Ra4 Kd7 39. Re4 Ng3 40. Rd4+ Kc6 41. Rd6+ Kxc5 42. Rd7 Ne2 43. Rxf7 Nd4+ 44. Kb2 Nf5 45. Rxf5+ exf5 46. Kc3 h5 47. gxh6 gxh6 48. h4 h5 49. Kd3 Kd5 50. c4+ Kc5 51. Kc3 Kc6 52. Kd4 Kd6 53. c5+ Kc6 54. Ke5 Kxc5 55. Kxf5 Kd5 56. Kg6 Ke6 57. f5+ Ke7 58. Kg7 1-0